Famous Movie By Character - Statistics

General Stats
  • This quiz has been taken 40 times
  • The average score is 25 of 35
Answer Stats
Picture Answer % Correct
E.T.
97%
Back to the Future
94%
King Kong
94%
Batman
91%
Paddington
91%
Rocky
91%
Avatar
88%
The Grinch
88%
Godzilla
84%
It
84%
Elf
81%
Night at the Museum
81%
The Wizard of Oz
81%
The Wolf of Wall Street
81%
Dune
78%
RoboCop
78%
Terminator
78%
A Nightmare on Elm Street
75%
Edward Scissorhands
75%
Lord of the Rings
75%
Star Trek
75%
Planet of the Apes
72%
The Adams Family
72%
Die Hard
69%
Alien
63%
Fast and Furious
63%
Jurassic World
63%
Saving Private Ryan
59%
Jaws
56%
Guardians of the Galaxy
53%
Schindlers List
50%
The Chronicles of Narnia
50%
Goonies
38%
Saw
38%
Terrifier
25%
No matching quizzes found
Score Distribution
Percent of People with Each Score
Percentile by Number Answered
Your Score History
You have not taken this quiz